ბათუმის შოთა რუსთაველის სახელმწიფო უნივერსიტეტის ბიბლიოთეკა

Using Innovative Methods in Early Years Research: (ბიბ.ჩანაწერი № 58426)

000 -LEADER
fixed length control field 00987nam a22002177a 4500
005 - DATE AND TIME OF LATEST TRANSACTION
control field 20221107170620.0
008 - FIXED-LENGTH DATA ELEMENTS--GENERAL INFORMATION
fixed length control field 220207s2019 enk||||| |||| 00| 0 eng d
020 ## - INTERNATIONAL STANDARD BOOK NUMBER
International Standard Book Number 9781138389519 X
041 ## - LANGUAGE CODE
Language code of text/sound track or separate title eng
080 ## - UNIVERSAL DECIMAL CLASSIFICATION NUMBER
Universal Decimal Classification number 372.21 U-88
245 ## - TITLE STATEMENT
Title Using Innovative Methods in Early Years Research:
Remainder of title Beyond the Conventional /
Statement of responsibility, etc. Edited by Zeta Brown, Helen Perkins.
264 ## - PRODUCTION, PUBLICATION, DISTRIBUTION, MANUFACTURE, AND COPYRIGHT NOTICE
Place of production, publication, distribution, manufacture London :
Name of producer, publisher, distributor, manufacturer Routledge,
Date of production, publication, distribution, manufacture, or copyright notice 2019.
300 ## - PHYSICAL DESCRIPTION
Extent 221 p.
Other physical details 24 cm.
653 ## - INDEX TERM--UNCONTROLLED
keyword ინოვაციური მეთოდების გამოყენება ადრეული წლების კვლევაში
653 ## - INDEX TERM--UNCONTROLLED
keyword Использование инновационных методов в исследованиях раннего возраста
653 ## - INDEX TERM--UNCONTROLLED
keyword პედაგოგიკა
653 ## - INDEX TERM--UNCONTROLLED
keyword Педагогика
700 ## - ADDED ENTRY--PERSONAL NAME
Personal name Brown, Zeta
Relator term რედაქტორი
9 (RLIN) 13473
700 ## - ADDED ENTRY--PERSONAL NAME
Personal name Perkins, Helen
Relator term რედაქტორი
9 (RLIN) 13474
942 ## - ADDED ENTRY ELEMENTS (KOHA)
Source of classification or shelving scheme
Koha item type წიგნი
ეგზემპლარები
Withdrawn status Lost status Source of classification or shelving scheme Damaged status Not for loan Permanent Location Current Location Date acquired Cost, normal purchase price Full call number Barcode Date last seen Copy number Price effective from Koha item type Public note
          ბათუმის შოთა რუსთაველის სახელმწიფო უნივერსიტეტის მთავარი ბიბლიოთეკა ბათუმის შოთა რუსთაველის სახელმწიფო უნივერსიტეტის მთავარი ბიბლიოთეკა 2022-02-07 77.00 372.21 U-88 62115 2022-02-07 62115 2022-02-07 წიგნი 77 ლ.